00445nam a2200169Ia 4500003000900000008004100009020001800050040001600068080002000084100001800104245005300122260003800175300001400213650001300227650001600240650001900256IN-BaIIA211028s9999 xx 000 0 eng d a0-471-80194-1 cIIA Library a621.389.04bSMI aSmith, John I 0aModern operational circuit designcJohn I. Smith aNew YorkbJohn Wiley & Sonsc1971 axi, 256p. aCircuits aElectronics aNASA Thesaurus